Born in Kirkcaldy - Statistics

General Stats
  • This quiz has been taken 12 times
  • The average score is 4 of 7
Answer Stats
Hint Answer % Correct
Economist and philosopher, seen by some as "The Father of Capitalism" 1723 Adam Smith
100%
Former darts player and winner of the British Professional Championship a record four times 1950 Jocky Wilson
80%
Canadian jurist and first female justice of the Supreme Court of Canada 1923 Bertha Wilson
60%
Father of neoclassical architecture in Great Britain 1728 Robert Adam
60%
Bassist of Coldplay 1978 Guy Berryman
50%
Footballer who plays for Werder Bremen and the Scottish national team 1997 Oliver Burke
50%
Inventor behind the development of worldwide standard time zones 1827 Sandford Fleming
40%
No matching quizzes found
Score Distribution
Percent of People with Each Score
Percentile by Number Answered
Your Score History
You have not taken this quiz